[Event "Wittelsbach op 11th"]
[Site "Kelheim"]
[Date "2024.12.28"]
[Round "4"]
[White "Kempinger, Simon"]
[Black "Oberhofer, Cedric"]
[Result "0-1"]
[WhiteElo "1770"]
[BlackElo "2257"]
[PlyCount "106"]
[EventDate "2024.12.27"]
[EventType "swiss"]
[EventRounds "7"]
[EventCountry "GER"]
[SourceTitle "CB02_2025"]
[SourceDate "2025.01.08"]
[SourceVersion "1"]
[SourceVersionDate "2025.01.08"]
[SourceQuality "1"]

1. d4 Nf6 2. c4 g6 3. g3 c5 4. Nf3 cxd4 5. Nxd4 Bg7 6. Bg2 Nc6 7. 0-0 0-0 8. Nc3 d6 9. e4 Bd7 10. h3 Nxd4 11. Qxd4 Qc8 12. Qd3 Bxh3 13. f4 Bxg2 14. Kxg2 Qc6 15. Nd5 Nxd5 16. exd5 Qb6 17. Rb1 Rac8 18. Re1 Rfe8 19. b3 e6 20. dxe6 Rxe6 21. Rxe6 fxe6 22. Bb2 Qc6+ 23. Kh2 Bxb2 24. Rxb2 d5 25. cxd5 Qxd5 26. Qxd5 exd5 27. Rd2 Rd8 28. Kg2 Kf7 29. Kf3 Ke6 30. Ke3 Kd6 31. Kd4 Re8 32. Rc2 Re4+ 33. Kd3 Re1 34. Rg2 Rf1 35. Ke2 Rh1 36. Kd3 b6 37. Ke3 Ke6 38. Rc2 Kd6 39. Rg2 a5 40. Rc2 Rg1 41. Kf2 Rd1 42. Ke2 Rh1 43. Ke3 Re1+ 44. Kf2 Re8 45. Kf3 d4 46. g4 Re3+ 47. Kf2 Rh3 48. Kg2 Rc3 49. Rd2 Kd5 50. f5 gxf5 51. gxf5 d3 52. Kf3 Kd4 53. f6 Rc6 0-1